Fabulous fabrics : (Record no. 352499)

000 -LEADER
fixed length control field 00847 a2200253 4500
003 - CONTROL NUMBER IDENTIFIER
control field OSt
005 - DATE AND TIME OF LATEST TRANSACTION
control field 20180116192337.0
008 - FIXED-LENGTH DATA ELEMENTS--GENERAL INFORMATION
fixed length control field 120524t xxu||||| |||| 00| 0 eng d
010 ## - LIBRARY OF CONGRESS CONTROL NUMBER
LC control number 99087164
020 ## - INTERNATIONAL STANDARD BOOK NUMBER
International Standard Book Number 0806919094
040 ## - CATALOGING SOURCE
Transcribing agency 0
082 00 - DEWEY DECIMAL CLASSIFICATION NUMBER
Classification number 746
100 1# - MAIN ENTRY--PERSONAL NAME
Personal name Hiney, Mary Jo.
9 (RLIN) 1821
245 10 - TITLE STATEMENT
Title Fabulous fabrics :
Remainder of title elegant & innovative techniques to embellish textiles /
Statement of responsibility, etc. Mary Jo Hiney.
260 ## - PUBLICATION, DISTRIBUTION, ETC.
Place of publication, distribution, etc. New York :
Name of publisher, distributor, etc. Sterling Pub. Co.,
Date of publication, distribution, etc. 2000.
300 ## - PHYSICAL DESCRIPTION
Extent 128 p. :
Other physical details col. ill. ;
Dimensions 27 cm.
500 ## - GENERAL NOTE
General note "A Sterling/Chapelle book."
650 #0 - SUBJECT ADDED ENTRY--TOPICAL TERM
Topical term or geographic name entry element Fancy work.
9 (RLIN) 1822
650 #0 - SUBJECT ADDED ENTRY--TOPICAL TERM
Topical term or geographic name entry element Beadwork.
9 (RLIN) 1823
650 #0 - SUBJECT ADDED ENTRY--TOPICAL TERM
Topical term or geographic name entry element Embroidery.
9 (RLIN) 1824
856 42 - ELECTRONIC LOCATION AND ACCESS
Materials specified Publisher description
Uniform Resource Identifier <a href="http://www.loc.gov/catdir/description/ste021/99087164.html">http://www.loc.gov/catdir/description/ste021/99087164.html</a>
942 ## - ADDED ENTRY ELEMENTS (KOHA)
Institution code [OBSOLETE] SADA
Koha item type Book
Call number prefix 746 HIN 2000
Source of classification or shelving scheme
Holdings
Withdrawn status Lost status Source of classification or shelving scheme Damaged status Not for loan Permanent Location Current Location Date acquired Total Checkouts Full call number Barcode Date last seen Cost, replacement price Price effective from Koha item type
          School of Art Design and Architecture (SADA) School of Art Design and Architecture (SADA) 02/02/2011   746 HIN 2000 SADA0000564 08/05/2011 1872.00 08/05/2011 Book
© 2023 Central Library, National University of Sciences and Technology. All Rights Reserved.